| 000 | nam a22 7a 4500 | ||
|---|---|---|---|
| 999 |
_c332127 _d332127 |
||
| 003 | NUST | ||
| 005 | 20171114105044.0 | ||
| 008 | 171114b xxu||||| |||| 00| 0 eng d | ||
| 020 | _a0 | ||
| 040 | _c0 | ||
| 082 | _a629.23 SYM | ||
| 245 |
_aSecond International Symposium: _bOn theory and practice in transport economics |
||
| 260 |
_aAllemagne _bCEMT _c1953 |
||
| 300 | _a554p. | ||
| 500 | _aP.B | ||
| 942 |
_2ddc _cBK _kIESE |
||